000 00498nam a2200133 a 4500
008 120416s1965 ||||||||||||||||| || u
050 _aQA 273 Pap
100 _aPapoulis, Athanasios
245 1 0 _aProbability, random variables and stochastic process
260 _aTokyo
_bMcGraw-Hill
_c[1965]
300 _axi, 583p. : ill.
350 _a0.00
995 _D0.00
_FCBU-MAIN LIBRARY (Kitwe)
_H1
_I0.00
_M1
_UAVAILABLE
_ZAnnex Low-Usage Collection
999 _c54744
_d54744